Principios de economía (Registro nro. 1173)

Detalles MARC
000 -LEADER
fixed length control field 01373 a2200277 4500
001 - CONTROL NUMBER
control field 24291
005 - DATE AND TIME OF LATEST TRANSACTION
control field 20260407155527.0
008 - FIXED-LENGTH DATA ELEMENTS--GENERAL INFORMATION
fixed length control field 260407a2012 arg spa d
003 - CONTROL NUMBER IDENTIFIER
control field AR-UNSa-BCEJYS
040 ## - CATALOGING SOURCE
Original cataloging agency AR-UNSa-BCEJYS
Language of cataloging spa
Transcribing agency AR-UNSa-BCEJYS
080 ## - UNIVERSAL DECIMAL CLASSIFICATION NUMBER
Universal Decimal Classification number 330
Common auxiliary subdivision Economía en general
020 ## - INTERNATIONAL STANDARD BOOK NUMBER
International Standard Book Number 978-607-481-809-3
100 1# - MAIN ENTRY--PERSONAL NAME
Personal name Mankiw, N. Gregory
245 10 - TITLE STATEMENT
Title Principios de economía
250 ## - EDITION STATEMENT
Edition statement 6a. ed.
264 #1 - PRODUCTION, PUBLICATION, DISTRIBUTION, MANUFACTURE, AND COPYRIGHT NOTICE
Place of production, publication, distribution, manufacture México :
Name of producer, publisher, distributor, manufacturer Cengage Learning Editores
Date of production, publication, distribution, manufacture, or copyright notice 2012
300 ## - PHYSICAL DESCRIPTION
Extent xxix, 857 p.
Dimensions 27 cm.
505 ## - FORMATTED CONTENTS NOTE
Formatted contents note 1. Introducción - 2. Cómo funcionan los mercados - 3. Los mercados y el bienestar - 4. La economía del sector público - 5. Conducta de la empresa y organización - 6. La economía de los mercados de trabajo - 7. Temas para estudio posterior - 8. Los datos de la macroeconomía - 9. La economía real en el largo plazo - 10. El dinero y los precios en el largo plazo - 11. La macroeconomía de las economías - 12. Fluctuaciones económicas a corto plazo - 13. Pensamientos finales
590 ## - LOCAL NOTE (RLIN)
Local note niveau_biblio:m niveau_hierar:0
700 1# - ADDED ENTRY--PERSONAL NAME
Personal name Meza y Staines, Maria Guadalupe
700 1# - ADDED ENTRY--PERSONAL NAME
Personal name Carril Villarreal, María del Pilar
700 1# - ADDED ENTRY--PERSONAL NAME
Personal name Muñoz, Mercedes
700 1# - ADDED ENTRY--PERSONAL NAME
Personal name Palma Pacheco, Roberto
856 41 - ELECTRONIC LOCATION AND ACCESS
Uniform Resource Identifier <a href="https://biblioeco.unsa.edu.ar/pmb/images/libros/Principios de Econom?a (2012).jpg">https://biblioeco.unsa.edu.ar/pmb/images/libros/Principios de Econom?a (2012).jpg</a>
Link text Imagen de portada
Electronic format type image/jpeg
942 ## - ADDED ENTRY ELEMENTS (KOHA)
Koha item type
Existencias
Withdrawn status Lost status Damaged status Not for loan Home library Current library Shelving location Date acquired Total checkouts Full call number Barcode Date last seen Price effective from Koha item type Public note
        Biblioteca Prof. Eusebio Cleto del Rey Biblioteca Prof. Eusebio Cleto del Rey   07/04/2026   330 M266 6ed. L119658 07/04/2026 07/04/2026 Libro  
        Biblioteca Prof. Eusebio Cleto del Rey Biblioteca Prof. Eusebio Cleto del Rey   07/04/2026   330 M266 6ed. L119659 07/04/2026 07/04/2026 Libro  
        Biblioteca Prof. Eusebio Cleto del Rey Biblioteca Prof. Eusebio Cleto del Rey   07/04/2026   330 M266 6ed. L119660 07/04/2026 07/04/2026 Libro PRIMERA PÁGINA MANCHADA